Mort subite Les enfants des années 90 - Statistiques

Statistiques générales
  • Ce quiz a été pris 227 fois
  • Le résultat moyen est 4 sur 40
Answers on the Grid
Answers color-coded by a green-red scale on the quiz's grid according to % correct below.
Anouchka Delon
Mélanie de Jesus dos Santos
Harry Styles
Ed Sheeran
Carlos Alcaraz
Zayn Malik
Elle Fanning
Michou
Romain Bardet
Marwan Berreni
Jonas Vingegaard
Marion Maréchal
Paul Pogba
Hugo Lloris
Doja Cat
Jonathan David
Dadju
Greta Thunberg
Iggy Azalea
Allyson Felix
Marina Kaye
Joyce Jonathan
Aya Nakamura
Ashley Graham
Antoine Dupont
Kevin Mayer
Marc-Antoine Le Bret
Gambi
Caroline Garcia
Bradley Barcola
Jordy
Mathieu van der Poel
Dan Reynolds
Léon Marchand
Amandine Henry
Hoshi
Simone Biles
Jules LeBlanc
Eva
Lily-Rose Depp
Alexandra Rosenfeld
Yannick Agnel
Sara Giraudeau
Alicia Aylies
Andy Murray
Liam Payne
Alexis Lebrun
Oli
Sophie Tapie
Juju Fitcats
Camille Lellouche
Laury Thilleman
Sarah Schwab
Amel Bent
Gazo
Indira Ampiot
Marcus Thuram
Gaten Matarazzo
Amaury Vassili
Estelle Mossely
Sebastian Vettel
Bilal Hassani
Jeff Panacloc
Mackenzie Foy
Kygo
Emma Smet
Armand Duplantis
Wejdene
Brice Samba
Jean-Baptiste Maunier
Élisabeth de Belgique
Rachel Legrain-Trapani
Théodort
Zaho de Sagazan
Anna Chtcherbakova
Chloé Jouannet
Ève Gilles
Miley Cyrus
Sebastian Croft
Dakota Blue Richards
 
Statistiques - réponses
Réponse % Correct
1994 Harry Styles
60%
1993 Zayn Malik
35%
1991 Ed Sheeran
34%
1990 Anouchka Delon
31%
1993 Paul Pogba
22%
1995 Aya Nakamura
16%
1998 Elle Fanning
15%
1996 Antoine Dupont
14%
1991 Dadju
14%
1995 Doja Cat
14%
1998 Marina Kaye
14%
1996 Hoshi
12%
1996 Oli
12%
1997 Simone Biles
12%
1995 Juju Fitcats
10%
1992 Kevin Mayer
9%
1990 Romain Bardet
9%
1990 Jean-Baptiste Maunier
8%
1997 Marcus Thuram
8%
1992 Miley Cyrus
8%
1993 Caroline Garcia
7%
1990 Iggy Azalea
7%
1999 Zaho de Sagazan
7%
1999 Bilal Hassani
6%
1994 Gazo
6%
1996 Jonas Vingegaard
6%
1993 Liam Payne
6%
1999 Lily-Rose Depp
6%
1998 Alicia Aylies
4%
1994 Brice Samba
4%
1992 Yannick Agnel
4%
1997 Chloé Jouannet
3%
1991 Laury Thilleman
3%
1995 Mathieu van der Poel
3%
1999 Armand Duplantis
2%
1997 Emma Smet
2%
1992 Estelle Mossely
2%
1998 Gambi
2%
1991 Kygo
2%
1994 Dakota Blue Richards
1%
Aucun quiz correspondant
Distribution des résultats
% des personnes avec chaque résultat
Percentile par nombre de réponses
Votre historique - résultats
Vous n’avez pas pris ce quiz